000 00391nam a2200169Ia 4500
005 20250430022340.0
008 240331s9999 xx 000 0 und d
020 _a9789551715007
082 _bJAY
_a891
100 _aJayawardena,K
245 0 _aThabarawila
250 _a3rd
260 _aColombo
_bPrint And Printers Pvt Ltd
_c2007
300 _a150 p .,
650 _aNovel
942 _cL
999 _c5312
_d5312